Bhagavad-Gita as it is / (Record no. 1019)
[ view plain ]
| 000 -LEADER | |
|---|---|
| fixed length control field | 00614nam a22001932 4500 |
| 001 - CONTROL NUMBER | |
| control field | 0000019137 |
| 005 - DATE AND TIME OF LATEST TRANSACTION | |
| control field | 20151021151131.0 |
| 008 - FIXED-LENGTH DATA ELEMENTS--GENERAL INFORMATION | |
| fixed length control field | 100928s xx 000 0 eng d |
| 040 ## - CATALOGING SOURCE | |
| Original cataloging agency | KABU |
| Transcribing agency | KABU |
| 100 1# - MAIN ENTRY--PERSONAL NAME | |
| Personal name | Prabhupadia, A. C. Bhaktivedanta Swami. |
| -- | 0000178791 |
| 245 10 - TITLE STATEMENT | |
| Title | Bhagavad-Gita as it is / |
| Statement of responsibility, etc. | , A. C. Bhaktivedanta Swami Prabhupadia. |
| 250 ## - EDITION STATEMENT | |
| Edition statement | 3nd ed. |
| 260 ## - PUBLICATION, DISTRIBUTION, ETC. (IMPRINT) | |
| Place of publication, distribution, etc. | Mumbai : |
| Name of publisher, distributor, etc. | Bhktivedanta Books, |
| Date of publication, distribution, etc. | 1986. |
| 300 ## - PHYSICAL DESCRIPTION | |
| Extent | xx, 924 p. |
| 650 #0 - SUBJECT ADDED ENTRY--TOPICAL TERM | |
| Topical term or geographic name as entry element | Samskris |
| General subdivision | History. |
| -- | 0000178792 |
| 852 1# - LOCATION | |
| -- | p500 KES |
| 908 ## - PUT COMMAND PARAMETER (RLIN) | |
| Put command parameter | 100928 |
| 950 ## - LOCAL HOLDINGS (RLIN) | |
| -- | 1 |
| Withdrawn status | Lost status | Source of classification or shelving scheme | Not for loan | Home library | Current library | Date acquired | Total Checkouts | Total Renewals | Full call number | Barcode | Date last seen | Date last checked out | Price effective from | Koha item type |
|---|---|---|---|---|---|---|---|---|---|---|---|---|---|---|
| Library of Congress Classification | Kabarak, Nakuru City Campus | Kabarak, Main Campus | 21/10/2015 | 3 | 1 | BL1130 .A4P73 1986 c. 1 | 23875 | 21/07/2025 | 07/07/2025 | 21/10/2015 | General Collection |